000 01080cam a22003257a 4500
003 CHAP
005 20220817041419.0
008 971013s1984 r 00010 d
010 _a13771
011 _a14743
035 _a18817
040 _cCHAP
082 _a378
_bG66
100 0 0 _aGonzález Cuevas, Oscar M.
_948822
245 0 _aPlaneación universitaria
_b: enfoques y perspectivas
260 _aMéxico, D.F. :
_bNuevamar,
_c1984
300 _a152 p
490 0 _aNuevamar. Problemas educativas
_v; 2
590 _aBATCH-UPD
_b10
_c20130110
_lUCH01
_h1927
590 _aBATCH-UPD
_b10
_c20130410
_lUCH01
_h1252
590 _aBATCH-UPD
_b10
_c20130914
_lUCH01
_h1244
590 _aCONVERSION
_b10
_c20130109
_lUCH01
_h1309
650 1 4 _aEducación superior.
650 1 4 _aUniversidades
_xAdministración
_xMéxico.
_9116599
710 0 _aUniversidad Autónoma Metropolitana. Unidad Azcapotzalco.
_9116374
830 0 _aNuevamar. Problemas educativas
_v; 2
_982148
901 _aBK
942 _cLIBRO
949 _a378 G66
_bBC
_cLIBRO
_d33724000439600
_eLIBRO
_h63696
_i18817
_si
999 _c13771
_d13771